000 00487nam a22001817a 4500
005 20260509164208.0
008 260509b |||||||| |||| 00| 0 eng d
020 _a9783631514443
_qpbk
041 _aeng
082 _a415 GOB
100 _aGobbel, Edward
245 _aSyntactic and Focus
_bStructural Aspects of Triadic Constructions
_cEdward Gobbel
260 _aBerlin
_bPeter Lang
_c2003
300 _a424p. :
_c25cm
504 _aBiblio
650 _aGrammar
942 _cENGLISH
999 _c622995
_d622995